Origin and early history of the Muslims of Keralam, 700 A.D.-1600 A.D. / (Record no. 21176)
[ view plain ]
| 000 -LEADER | |
|---|---|
| fixed length control field | 00361cam a2200133 a 4500 |
| 020 ## - INTERNATIONAL STANDARD BOOK NUMBER | |
| ISBN | 9789380081199 |
| 082 ## - DEWEY DECIMAL CLASSIFICATION NUMBER | |
| Classification number | 305.6297054 |
| Author Cutter | MOR |
| 100 1# - MAIN ENTRY--AUTHOR NAME | |
| Author name | More, J. B. P. |
| 245 10 - TITLE STATEMENT | |
| Title | Origin and early history of the Muslims of Keralam, 700 A.D.-1600 A.D. / |
| 260 ## - PUBLICATION, DISTRIBUTION, ETC. (IMPRINT) | |
| Place of publication | Calicut : |
| Name of publisher | Other Books, |
| Year of publication | 2011. |
| 300 ## - PHYSICAL DESCRIPTION | |
| Number of Pages | 248 p. : |
| Other physical details | ill. ; |
| 650 #0 - SUBJECT ADDED ENTRY--TOPICAL TERM | |
| Topical Term | Muslims |
| 942 ## - ADDED ENTRY ELEMENTS (KOHA) | |
| Koha item type | Books |
| Home library | Current library | Shelving location | Date acquired | Cost, normal purchase price | Full call number | Accession Number | Koha item type |
|---|---|---|---|---|---|---|---|
| Henry Martyn Institute Library | Henry Martyn Institute Library | General stacks | 07/12/2018 | 360.00 | 305.6297054 MOR | 24635 | Books |
